|
|
|
|
| LEADER |
00690nab a2200181 i 4500 |
| 001 |
misc28085 |
| 005 |
20191111110355.0 |
| 008 |
171020s1959 hu o 0|| zxx d |
| 040 |
|
|
|a SZTE Miscellanea Repozitórium
|b hun
|
| 041 |
|
|
|a zxx
|
| 100 |
1 |
|
|a Sávay Gyula
|
| 245 |
1 |
0 |
|a Beiträge zur Methodik der histochemischen Cholinesterase-Reaktion
|h [elektronikus dokumentum] /
|c Sávay Gyula
|
| 260 |
|
|
|c 1959
|
| 300 |
|
|
|a 307-314, [1] t.
|
| 490 |
0 |
|
|a Kolligátum
|
| 695 |
|
|
|a Idegrendszer - anatómia, Idegélettan, Biokémia, Szövettan, Hisztokémia - laboratóriumi technika
|
| 700 |
0 |
1 |
|a Csillik Bertalan
|e aut
|
| 856 |
4 |
0 |
|u http://misc.bibl.u-szeged.hu/28085/1/018_021_186-194.pdf
|z Dokumentum-elérés
|